Memoirs of the Department of Agriculture in India: Phytophthora on Vinca rosea (Record no. 46199)

MARC details
000 -LEADER
fixed length control field 00326nam a2200109Ia 4500
100 ## - MAIN ENTRY--AUTHOR NAME
Personal name Dastur Jehangir Fardunji
245 #0 - TITLE STATEMENT
Title Memoirs of the Department of Agriculture in India: Phytophthora on Vinca rosea
260 ## - PUBLICATION, DISTRIBUTION, ETC. (IMPRINT)
Name of publisher Botanical Series
Year of publication 1916
300 ## - PHYSICAL DESCRIPTION
Number of Pages 233-241
942 ## - ADDED ENTRY ELEMENTS (KOHA)
Koha item type Reprints
Holdings
Withdrawn status Lost status Damaged status Not for loan Home library Current library Date acquired Serial Enumeration / chronology Koha item type
      Reprints RRII Library RRII Library 22/12/2021 Volume VIII, Issue 6 Reprints